Detekce bankovních selhání v tranzitivních ekonomikách: případ ČR
Identifikácia potenciálnych problémov v bankách na základe krachov malých bánk v ČR v rokoch 1994-1996. Návrh vylepšenia štandardných modelov bankových zlyhaní. Vznik a vývoj českého bankového sektora. Poučenie z českej bankovej krízy a odporúčania pre politiku bankovej regulácie.
Gespeichert in:
| 1. Verfasser: | |
|---|---|
| Weitere Verfasser: | |
| Format: | Buchkapitel |
| Sprache: | Tschechisch |
| Schlagworte: | |
| Tags: |
Keine Tags, Fügen Sie das erste Tag hinzu!
|
MARC
| LEADER | 00000naa a2200000 4500 | ||
|---|---|---|---|
| 001 | r041863 | ||
| 005 | 20231003122304.9 | ||
| 041 | 0 | |a cze | |
| 044 | |a CZ | ||
| 245 | 1 | 0 | |a Detekce bankovních selhání v tranzitivních ekonomikách: případ ČR |c Jan Hanousek, Richard Podpiera |
| 520 | |a Identifikácia potenciálnych problémov v bankách na základe krachov malých bánk v ČR v rokoch 1994-1996. Návrh vylepšenia štandardných modelov bankových zlyhaní. Vznik a vývoj českého bankového sektora. Poučenie z českej bankovej krízy a odporúčania pre politiku bankovej regulácie. | ||
| 610 | 2 | 0 | |a banky |
| 610 | 2 | 0 | |a kríza banková |
| 610 | 2 | 0 | |a SVE |
| 610 | 2 | 0 | |a Česko |
| 610 | 2 | 0 | |a modely |
| 610 | 2 | 0 | |a riziko bankové |
| 610 | 2 | 0 | |a regulácia |
| 100 | 1 | |a Hanousek, Jan | |
| 700 | 1 | |a Podpiera, Richard | |